A propósito del ALCA : (Registro nro. 11518)
[ vista simple ]
| 000 -LEADER | |
|---|---|
| fixed length control field | 01007nam a2200253Ia 4500 |
| 003 - CONTROL NUMBER IDENTIFIER | |
| control field | OSt |
| 005 - DATE AND TIME OF LATEST TRANSACTION | |
| control field | 20210415184419.0 |
| 008 - FIXED-LENGTH DATA ELEMENTS--GENERAL INFORMATION | |
| fixed length control field | 210310s2004 ck a gr 000 0 spa d |
| 020 ## - INTERNATIONAL STANDARD BOOK NUMBER | |
| International Standard Book Number | 9589262414 |
| 040 ## - CATALOGING SOURCE | |
| Original cataloging agency | CO-JMCR |
| Transcribing agency | CO-JMCR |
| 041 0# - LANGUAGE CODE | |
| Language code of text/sound track or separate title | spa |
| 082 04 - DEWEY DECIMAL CLASSIFICATION NUMBER | |
| Classification number | 382.917 / |
| Item number | P896p |
| Edition number | 23 |
| 100 1# - MAIN ENTRY--PERSONAL NAME | |
| Personal name | Puyo Tamayo, Gustavo Adolfo, |
| Relator term | autor |
| 9 (RLIN) | 25736 |
| 245 12 - TITLE STATEMENT | |
| Title | A propósito del ALCA : |
| Remainder of title | Las Claves Institucionales de la integración / |
| Statement of responsibility, etc. | Gustavo Adolfo Puyo Tamayo. |
| 260 ## - PUBLICATION, DISTRIBUTION, ETC. | |
| Place of publication, distribution, etc. | Bogotá : |
| Name of publisher, distributor, etc. | Plataforma Colombiana de derechos humanos, democracia y desarrollo. |
| Date of publication, distribution, etc. | 2004. |
| 300 ## - PHYSICAL DESCRIPTION | |
| Other physical details | 115 páginas : |
| Extent | ilustraciones a color ; |
| Dimensions | 17 cm. |
| 490 0# - SERIES STATEMENT | |
| Series statement | Alcatemas ; |
| Volume/sequential designation | 11. |
| 500 ## - GENERAL NOTE | |
| General note | 0 |
| 505 0# - FORMATTED CONTENTS NOTE | |
| Formatted contents note | Formas de integración económica. -- Integración política. -- Integración social. -- El papel de las instituciones. -- ¿En donde estamos? |
| 650 14 - SUBJECT ADDED ENTRY--TOPICAL TERM | |
| Topical term or geographic name entry element | ALCA. |
| General subdivision | Integración. |
| 9 (RLIN) | 25738 |
| 650 24 - SUBJECT ADDED ENTRY--TOPICAL TERM | |
| Topical term or geographic name entry element | Liberalización del intercambio. |
| 9 (RLIN) | 2095 |
| 650 24 - SUBJECT ADDED ENTRY--TOPICAL TERM | |
| Topical term or geographic name entry element | Unión económica y monetaria |
| 9 (RLIN) | 36897 |
| 942 ## - ADDED ENTRY ELEMENTS (KOHA) | |
| Source of classification or shelving scheme | Dewey Decimal Classification |
| Koha item type | Books |
| Withdrawn status | Lost status | Source of classification or shelving scheme | Damaged status | Not for loan | Home library | Current library | Shelving location | Date acquired | Source of acquisition | Full call number | Barcode | Date last seen | Copy number | Price effective from | Koha item type |
|---|---|---|---|---|---|---|---|---|---|---|---|---|---|---|---|
| Dewey Decimal Classification | Biblioteca Pública José María del Castillo y Rada | Biblioteca Pública José María del Castillo y Rada | General Stacks | 04/15/2018 | Donación | 382.917 / P896p | 430010907 | 05/16/2024 | Ej.1 | 03/10/2021 | Books |